Real-time signal processing III : July 29-30, 1980, San Diego, California, /

Bibliographic Details
Other Authors: Tao, Tien F.
Format: Book
Language:English
Published: Bellingham, Wash. : Society of Photo-Optical Instrumentation Engineers, [1980]
Series:Proceedings of SPIE--the International Society for Optical Engineering ; v. 241.
Subjects:
Online Access:https://www.spiedigitallibrary.org/conference-proceedings-of-SPIE/0241.toc?SSO=1

MARC

Tag First Indicator Second Indicator Subfields
LEADER 00000cam a2200000 a 4500
001 in00000069621
005 20230328185551.2
008 810202s1980 wau b 001 0 engmd
010 |a  80052690  
020 |a 0892522704 
035 |a (OCoLC)07097499 
035 |9 AAJ0887AM 
040 |a AME  |c AME  |d TXA  |d UtOrBLW 
049 |a TXAM  |c [1654659] 
090 |a TK5102.5  |b .R375 
245 0 0 |a Real-time signal processing III :  |b July 29-30, 1980, San Diego, California, /  |c Tien F. Tao, editor. 
264 1 |a Bellingham, Wash. :  |b Society of Photo-Optical Instrumentation Engineers,  |c [1980] 
264 4 |c ©1980 
300 |a vi, 290 pages :  |b illustrations ;  |c 28cm. 
336 |a text  |b txt  |2 rdacontent 
337 |a unmediated  |b n  |2 rdamedia 
338 |a volume  |b nc  |2 rdacarrier 
490 1 |a Proceedings of the Society of Photo-Optical Instrumentation Engineers ;  |v v. 241 
504 |a Includes bibliographical references and index. 
650 0 |a Signal processing  |v Congresses. 
650 0 |a Optical data processing  |v Congresses. 
700 1 |a Tao, Tien F. 
830 0 |a Proceedings of SPIE--the International Society for Optical Engineering ;  |v v. 241. 
856 4 1 |u https://www.spiedigitallibrary.org/conference-proceedings-of-SPIE/0241.toc?SSO=1  |t 0 
999 |a MARS 
999 f f |s 691fe1df-b4e7-3aff-9af7-ebc3bb683a65  |i fd790ce5-6d6d-3e2e-9f16-d284b79b362e  |t 0 
952 f f |p ric  |a Texas A&M University  |b Rellis Campus  |c Joint Library Facility  |d Remote Storage  |t 0  |e TK5102.5 .R375  |h Library of Congress classification  |i unmediated -- volume  |m A14806251290 
998 f f |a TK5102.5 .R375  |t 0  |l Remote Storage